Statistics for Worlds Best Footballers

Click here to take the quiz!

General Stats

  • This quiz has been taken 21 times
  • The average score is 6 of 15

Answer Stats

Answer% Correct
Messi
100%
Ronaldo
100%
Neymar
90%
De Bruyne
45%
Iniesta
45%
Suarez
45%
Lukaku
30%
Ramos
30%
Cavani
25%
Ibrahimovic
25%
Xavi
25%
Falcao
5%
Godin
5%
Van Persie
5%
Toure
0%

Score Distribution

Percentile by Number Answered

Percent of People with Each Score

Your Score History

You have not taken this quiz